| 000 -CABECERA |
| Longitud fija campo de control |
00960nam a22002537a 4500 |
| 003 - IDENTIFICADOR DEL NÚMERO DE CONTROL |
| Identificador del número de control |
OSt |
| 005 - FECHA Y HORA DE LA ÚLTIMA TRANSACCIÓN |
| Fecha y hora de la última transacción |
20160526170020.0 |
| 008 - CÓDIGOS DE INFORMACIÓN DE LONGITUD FIJA |
| Códigos de información de longitud fija |
160329s2015 spc 000 1 cat|d |
| 017 ## - NÚMERO DE COPYRIGHT O DE DEPÓSITO LEGAL |
| Número de copyright o de depósito legal |
DL B. 29.315-2015 |
| 020 ## - NÚMERO INTERNACIONAL NORMALIZADO PARA LIBROS |
| Número Internacional Normalizado para Libros (ISBN) |
9788429761887 |
| 040 ## - FUENTE DE LA CATALOGACIÓN |
| Lengua de catalogación |
cat |
| Centro transcriptor |
CDMR |
| 100 1# - PUNTO DE ACCESO PRINCIPAL-NOMBRE DE PERSONA |
| Nombre de persona |
Rodoreda, Mercè |
| Fechas asociadas al nombre |
1908-1983 |
| 9 (RLIN) |
2110 |
| 245 10 - MENCIÓN DE TÍTULO |
| Título |
Obra de joventut |
| Resto del título |
: Narrativa i periodisme |
| Mención de responsabilidad, etc. |
Mercè Rodoreda ; justificació de Joaquim Molas ; pròleg de Carme Arnau i Roser Porta |
| 260 ## - PUBLICACIÓN, DISTRIBUCIÓN, ETC. (PIE DE IMPRENTA) |
| Lugar de publicación, distribución, etc. |
Barcelona |
| Nombre del editor, distribuidor, etc. |
Institut d'Estudis Catalans : |
| -- |
Edicions 62 : |
| -- |
Fundació Mercè Rodoreda, |
| Fecha de publicación, distribución, etc. |
2015 |
| 300 ## - DESCRIPCIÓN FÍSICA |
| Extensión |
LIX, 1122 p. ; |
| Dimensiones |
21 cm |
| 490 1# - MENCIÓN DE SERIE |
| Mención de serie |
Biblioteca Clàssica Catalana |
| 500 ## - NOTA GENERAL |
| Nota general |
Subtítol a la coberta: Novel·les, narracions i periodisme |
| 700 1# - PUNTO DE ACCESO ADICIONAL - NOMBRE DE PERSONA |
| Nombre de persona |
Molas, Joaquim |
| Fechas asociadas al nombre |
1930-2015 |
| 9 (RLIN) |
161 |
| 700 1# - PUNTO DE ACCESO ADICIONAL - NOMBRE DE PERSONA |
| Nombre de persona |
Arnau, Carme |
| Fechas asociadas al nombre |
1944-, |
| Término indicativo de función |
pròl. |
| 9 (RLIN) |
2131 |
| 700 1# - PUNTO DE ACCESO ADICIONAL - NOMBRE DE PERSONA |
| Nombre de persona |
Porta, Roser, |
| Término indicativo de función |
pròl. |
| 710 2# - PUNTO DE ACCESO ADICIONAL - NOMBRE DE ENTIDAD |
| Nombre de entidad o nombre de jurisdicción como elemento inicial |
Institut d'Estudis Catalans |
| 9 (RLIN) |
559 |
| 710 2# - PUNTO DE ACCESO ADICIONAL - NOMBRE DE ENTIDAD |
| Nombre de entidad o nombre de jurisdicción como elemento inicial |
Fundació Mercè Rodoreda |
| 942 ## - ENTRADA DE ELEMENTOS AGREGADOS (KOHA) |
| Koha [por defecto] tipo de item |
Monografies |
| Fuente de clasificaión o esquema |
|